Take the highfinish - Statistics

General Stats
  • This quiz has been taken 22 times
  • The average score is 14 of 15
Answer Stats
Hint Answer % Correct
Bull Bull D16 132
100%
T20 T16 D12 132
100%
T20 T20 Bull 170
100%
T19 17 D18 110
95%
T16 T16 D20 136
95%
T20 D20 D20 140
95%
T19 T19 D17 148
95%
T18 T18 Bull 158
95%
T19 15 D16 104
90%
T20 T9 Bull 137
90%
T19 Bull D16 139
90%
T20 T19 D14 145
90%
T20 T14 D14 130
86%
T19 D19 D19 133
86%
Bull T17 D17 135
86%
No matching quizzes found
Score Distribution
Percent of People with Each Score
Percentile by Number Answered
Your Score History
You have not taken this quiz